Stolen art database (Record no. 66601)

MARC details
000 -LEADER
fixed length control field 00671cam a2200181 4500
001 - CONTROL NUMBER
control field WB3714-01
008 - FIXED-LENGTH DATA ELEMENTS--GENERAL INFORMATION
fixed length control field 000000n2001 000 0 eng u
035 ## - SYSTEM CONTROL NUMBER
System control number (Sirsi) u111775
245 ## - TITLE STATEMENT
Title Stolen art database
260 ## - PUBLICATION, DISTRIBUTION, ETC.
Date of publication, distribution, etc. 2001
490 ## - SERIES STATEMENT
Series statement Antiques Trade Gazette
Volume/sequential designation (1482) 31 March 2001, 1(1)
520 ## - SUMMARY, ETC.
Summary, etc. Government has set out details on setting up and developing a national database of stolen art. It would be established as a public/private partnership and the Home Officer minister gave commitment to funding once a proposition was agreed.
590 ## - LOCAL NOTE (RLIN)
Local note WB
650 ## - SUBJECT ADDED ENTRY--TOPICAL TERM
Topical term or geographic name entry element STOLEN ART
650 ## - SUBJECT ADDED ENTRY--TOPICAL TERM
Topical term or geographic name entry element DATABASES
690 ## - LOCAL SUBJECT ADDED ENTRY--TOPICAL TERM (OCLC, RLIN)
Topical term or geographic name as entry element Arts and antiques
9 (RLIN) 6217
942 ## - ADDED ENTRY ELEMENTS (KOHA)
Suppress in OPAC 0
Holdings
Withdrawn status Lost status Source of classification or shelving scheme Damaged status Not for loan Home library Current library Shelving location Date acquired Total Checkouts Full call number Barcode Date last seen Copy number Price effective from Koha item type
    Dewey Decimal Classification     London London News article 03/04/2001   WB3714-01 111775-1001 06/08/2019 1 06/08/2019 News article